مبادئ التحليل المركب / (رقم التسجيلة. 124447)

تفاصيل مارك
000 -LEADER
fixed length control field 00671nam a22002177a 4500
005 - DATE AND TIME OF LATEST TRANSACTION
control field 20251108175030.0
008 - FIXED-LENGTH DATA ELEMENTS--GENERAL INFORMATION
fixed length control field 250721s2010 xx 000 0 ara d
082 14 - DEWEY DECIMAL CLASSIFICATION NUMBER
Classification number 515/كتك
100 1# - MAIN ENTRY--PERSONAL NAME
Personal name كتكت، محمود محمد
245 10 - TITLE STATEMENT
Title مبادئ التحليل المركب /
250 ## - EDITION STATEMENT
Edition statement شرعية مزيدة و منقحة .
264 1# - PRODUCTION, PUBLICATION, DISTRIBUTION, MANUFACTURE, AND COPYRIGHT NOTICE
Place of production, publication, distribution, manufacture عمان :
Name of producer, publisher, distributor, manufacturer عماد الدين للنشر و التوزيع،
Date of production, publication, distribution, manufacture, or copyright notice 2010.
300 ## - PHYSICAL DESCRIPTION
Extent 478ص.
650 17 - SUBJECT ADDED ENTRY--TOPICAL TERM
Topical term or geographic name as entry element العلوم
650 17 - SUBJECT ADDED ENTRY--TOPICAL TERM
Topical term or geographic name as entry element الرياضيات
650 17 - SUBJECT ADDED ENTRY--TOPICAL TERM
Topical term or geographic name as entry element التحليل الرياضي
650 17 - SUBJECT ADDED ENTRY--TOPICAL TERM
Topical term or geographic name as entry element حساب التفاضل
650 17 - SUBJECT ADDED ENTRY--TOPICAL TERM
Topical term or geographic name as entry element حساب التكامل
942 ## - ADDED ENTRY ELEMENTS (KOHA)
Source of classification or shelving scheme Dewey Decimal Classification
Koha item type كتب
المقتنيات
حالة السحب حالة الفقدان مصدر التصنيف حالة التلف غير قابل للإعارة المكتبة الرئيسية المكتبة الحالية موقع الرف تاريخ التزويد الرقم المتسلسل Total Checkouts رقم الإستدعاء الباركود تاريخ آخر ظهور تاريخ الفاتورة نوع المادة (كوها)
    Dewey Decimal Classification     المكتبة المركزية المكتبة المركزية الإعارة 28/07/2025 1504107   515/كتك PLD00233859 28/07/2025 28/07/2025 كتب
    Dewey Decimal Classification     مكتبة النصر العامة مكتبة النصر العامة الإعارة 29/11/2011 1504110   515/كتك PLD00233906 28/07/2025 29/11/2011 كتب
    Dewey Decimal Classification     مكتبةمؤتة مكتبةمؤتة الإعارة 29/11/2011 1504111   515/كتك PLD00233907 28/07/2025 29/11/2011 كتب
Implemented & Customized by: BBB with SCIT (Smart Chains for Information Technology)

Powered by Koha